|
|
|
|
| LEADER |
01476nam a2200349 a 4500 |
| 001 |
mzk03001081344 |
| 003 |
CZ BrMZK |
| 005 |
20100623132120.0 |
| 007 |
ta |
| 008 |
100623s1712 fr fr|||||00| ||latod |
| 040 |
|
|
|a BOA001
|b cze
|
| 041 |
0 |
|
|a lat
|a grc
|a ger
|
| 072 |
|
7 |
|a 094
|x Staré tisky
|2 Konspekt
|9 12
|
| 080 |
|
|
|a (0.068)094
|2 MRF
|
| 100 |
1 |
|
|a Boeckler, Johann Heinrich,
|d 1611-1672
|7 ola2009507588
|4 aut
|
| 245 |
1 |
0 |
|a Dissertationvm Academicarvm.
|n Tomvs Tertivs & ultimus,
|p quarum series post Praefationem exhibetur /
|c Joannis Henrici Boecleri, Sac. Caes. Maj. & Elect. Mogunt. Consiliarii, Com. Pal. Caes. Hist. in Argent. Univers. Prof. Publ. & Cap. Thom. Canonici
|
| 246 |
3 |
0 |
|a Quarum series post Praefationem exhibetur
|
| 260 |
|
|
|a Argentorati :
|b Sumptibus Jo. Reinoldi Dulsseckeri,
|c 1712
|
| 300 |
|
|
|a [16], 576, [43] s. ;
|c 4°
|
| 500 |
|
|
|a Výzdoba: Signet (monogram), iniciály, linky, vlysy a viněty z typografických ozdob
|
| 546 |
|
|
|a Latinský text obsahuje řecké a německé části
|
| 563 |
|
|
|a Původní vazba, lepenkové desky potažená pergamenem
|
| 655 |
|
7 |
|a staré tisky
|7 fd422076
|2 czenas
|
| 903 |
|
|
|a RP
|
| 910 |
|
|
|a BOA001
|b ST1-1244.457,3
|
| 978 |
|
|
|b Dulssecker, Johann Reinhold
|a Strasbourg
|c 1712
|
| 984 |
|
|
|a Štrasburk
|b Francie
|
| 985 |
|
|
|a 1701-1750
|
| 990 |
|
|
|a BK
|
| 993 |
|
|
|a Y
|
| 991 |
|
|
|k mzk
|
| 996 |
6 |
|
|b 2610437095
|c ST1-1244.457,3
|l stud. ST
|r Sklad / do násl. otevíracího dne
|n 0
|w 001129813
|u 000010
|a 1
|e BOA001
|s P
|